000 00580nam a2200217Ia 4500
003 OSt
005 20220928135459.0
006 a|||||r|||| 00| 0
007 ta
008 220927b |||||||| |||| 00| 0 eng d
024 _a2494
037 _cTextual
040 _aSDCL
_cSDCL
_beng
041 _2eng
_aeng
082 _aO-,1K3:g, N6
100 _aErskine-Hill Howard
_9490946
245 0 _aPoetry and the realm of politics
_b Shakespeae to Dryden
260 _c1996
942 _hO-,1K3:g, N6
_cTEXL
_2CC
999 _c806305
_d806305